Towards a sociology of culture in India : (Record no. 1273)

MARC details
000 -LEADER
fixed length control field 01046cam a22003011a 4500
001 - CONTROL NUMBER
control field 8469544
003 - CONTROL NUMBER IDENTIFIER
control field OSt
005 - DATE AND TIME OF LATEST TRANSACTION
control field 20230619120533.0
008 - FIXED-LENGTH DATA ELEMENTS--GENERAL INFORMATION
fixed length control field 741119s1965 ii c b 010 0 eng
010 ## - LIBRARY OF CONGRESS CONTROL NUMBER
LC control number sa 66003987
035 ## - SYSTEM CONTROL NUMBER
System control number (OCoLC)1079093
040 ## - CATALOGING SOURCE
Original cataloging agency DLC
Transcribing agency OClU
Modifying agency NSyU
-- WU
-- DLC
042 ## - AUTHENTICATION CODE
Authentication code premarc
082 ## - DEWEY DECIMAL CLASSIFICATION NUMBER
Classification number 301.2954
Edition number UNNI
100 1# - MAIN ENTRY--PERSONAL NAME
Personal name Unnithan, Thottamon Kantan Kesavan Narayanan,
Relator term editor.
245 10 - TITLE STATEMENT
Title Towards a sociology of culture in India :
Remainder of title essays in honor of D.P. Mukerji /
Statement of responsibility, etc. Edited by T.K.N. Unnithan, Indra Deva [and] Yogendra Singh.
260 ## - PUBLICATION, DISTRIBUTION, ETC. (IMPRINT)
Place of publication, distribution, etc. New Delhi :
Name of publisher, distributor, etc. Prentice-Hall of India,
Date of publication, distribution, etc. 1965.
300 ## - PHYSICAL DESCRIPTION
Extent xii, 441 p.
Other physical details port. ;
Dimensions 23 cm.
504 ## - BIBLIOGRAPHY, ETC. NOTE
Bibliography, etc Includes bibliographical references.
650 #0 - SUBJECT ADDED ENTRY--TOPICAL TERM
Topical term or geographic name as entry element Sociology.
651 #0 - SUBJECT ADDED ENTRY--GEOGRAPHIC NAME
Geographic name India
General subdivision Social conditions.
700 1# - ADDED ENTRY--PERSONAL NAME
Personal name Mukhopadhyaya, Dhurjatiprasada,
Dates associated with a name 1894-1961.
700 1# - ADDED ENTRY--PERSONAL NAME
Personal name Deva, Indra,
Dates associated with a name 1932-
Relator term editor.
700 1# - ADDED ENTRY--PERSONAL NAME
Personal name Singh, Yogendra,
Dates associated with a name 1932-
906 ## - LOCAL DATA ELEMENT F, LDF (RLIN)
a 7
b cbc
c oclcrpl
d u
e ncip
f 19
g y-gencatlg
942 ## - ADDED ENTRY ELEMENTS (KOHA)
Source of classification or shelving scheme Dewey Decimal Classification
Koha item type Books
Holdings
Withdrawn status Lost status Source of classification or shelving scheme Damaged status Not for loan Home library Current library Date acquired Total Checkouts Full call number Barcode Date last seen Price effective from Koha item type
    Dewey Decimal Classification     County Hall Archives County Hall Archives 06/19/2023   301.2954 10000014 06/19/2023 06/19/2023 Books
LIBRARY OPENING HOURS

When the Parliament is sitting: 8.00a.m - 7.00p.m or until the house adjourns
Mondays and Fridays and when the House is on Recess:  8.00a.m - 5.00p.m
Closed on Weekends and Public Holidays

Online Public Access Catalog (OPAC)
Website: http://www.parliament.go.ke
Bunge Library: https://libraryir.parliament.go.ke
Contact: library@parliament.go.ke | Tel no: (254-2)2221291 or 2848000 Ext 5043